000 00480nam a2200181Ia 4500
001 8931
005 20260306160646.0
008 260306t1998||||xx |||||||||||||| ||spa||
041 _aESP
082 _a371.926
_bS17
100 _aSalvatierra, Belén
_eAUT
245 0 _aNiños con dificultades de aprendizaje:
_b(guía para padres, maestros y psicólogos)
260 _c1998
300 _a157 páginas :
_c20 cm.
650 _aGEN
654 _aCED
942 _cLIB
_dJUS
_fJUS
_2ddc
_n
999 _c8931
_d8931